000 00409cam a22001337a 4500
008 180718b1996 xxu||||| |||| 00| 0 eng d
082 _aT19x67 Sa19
245 _aEconomic reform and the poor in Africa
_cedited by David E. Sahn
260 _aOxford
_bClarendon Press
_c1996
300 _a488p.
650 _aEconomic development - Africa
650 _aAfrica - Economic - conditions
700 _aSahn, David E.
999 _c380734
_d380734